01298agaaa2200265 45000010005000000030009000050050017000140070009000310080040000400400023000800410013001031000047001161300063001632450254002262500022004802600104005023000033006065080099006395110091007385380016008295460013008456500054008587000059009127000061009711511IT-RoPAU20220918181258.0d cvaizq50131s9999||||xx ||| | || ||und|| aIT-RoPAUcIT-RoPAU aITALIANO aDi Carlo CarlogCodice regista SPICS: 7226 aINSEGUIMENTO E L'ASSASSINIO DEL PRIGIONIERO LUDWIG L. (L') aINSEGUIMENTO E L'ASSASSINIO DEL PRIGIONIERO LUDWIG L. (L')cProdotto da: Di Carlo Carlo -- Sceneggiatura: Di Carlo Carlo -- Diretto da: Di Carlo CarlopINSEGUIMENTO E L'ASSASSINIO DEL PRIGIONIERO LUDWIG L. (L') (Rif. Codice opera principale : 21511) aEdizione Standard aBERLINO (GERMANIA)bNOVA FILM / Distribuzione: RAIg"1971 (1° ed.: 1983 ; Ed. Lingua Orig.: 1971)" aVHSbsonoro, col.c30 minuti a"Fotografia: Bevilacqua Angelo; Montaggio: Crociani Raimondo; Sceneggiatura: Di Carlo Carlo; " a"Berger Michael; Binder Arthur; Alexa Ursula; Haffner Erna; Nitschke Hans; Martienzen" aPAL, STEREO aITALIANO aTELEFILMeFILMS [VHS]xCodice MATERIA SPICS: 9960 aDi Carlo Carlo e(regista)gCodice regista SPICS: 7226 aDi Carlo Carlo e(soggetto)gCodice Soggetto SPICS: 7226